00840cam a22002894a 45000010005000000030006000050050017000110080041000280100017000690200018000860400023001040420014001270500024001410820012001651000018001772450038001952600035002333000051002684900018003195050007003375200074003445210018004185210019004366500038004556500017004938000040005101833FISKH20240108091117.0020509s2003 nyua b b 001 0 eng  a 2002007208 a9780516244532 aDLCcDLCdDLCbeng apccalcac00aTS1105.5b.S68 200300a6762211 aSnyder, Inez.10aTrees to paper /cby Inez Snyder. aNew York :bScholastic,c2003. a24 pages :bcolor illustrations ;c16 x 19 cm.1 aWelcome Books aF  aSimple words and photographs show the steps involved in making paper.8 a340 bLexile 8 aF bRaz-Plus  0aPapermakingvJuvenile literature. 1aPapermaking.1 aSnyder, Inez.tHow things are made.